The world of english /

Guardado en:
Autor Principal: Farrell, Mark
Otros Autores: Rossi, Franca, Ceriani, Regina
Formato: Libro
Publicado: Madrid : Longman, 1995
Materias:
Etiquetas: Agregar Etiqueta
Sin Etiquetas, Sea el primero en etiquetar este registro!
LEADER 00573nam a22002055a 4500
001 CEM.cems009518
005 20080902090039.0
008 130507s1995##################000#0#####d
003 CEMS
020 |a 0582226929 
082 0 4 |a 428.64 
100 1 |a Farrell, Mark 
245 1 0 |a The world of english /  |c Mark Farrell, Franca Rossi y Regina Ceriani 
260 |a Madrid :  |b Longman,  |c 1995 
300 |a 129 p. 
653 |a Inglés 
653 |a Inglés-textos 
700 1 |a Rossi, Franca 
700 1 |a Ceriani, Regina 
859 |a CEMS  |b BIB. CEMS - 11 de abril  |h 428.64  |i F247  |p 19296.97  |t Ej.1